Meme chiken in asia - Statistics

General Stats
  • This quiz has been taken 6 times
  • The average score is 3 of 14
Answers on the Grid
Answers color-coded by a green-red scale on the quiz's grid according to % correct below.
China daddy
China
ocean boy prank
Graet burnel
sima byu
Korea in the floor
Fiji
Hungry men
Austraila trip
Russian cow
Blue kakaka
Samoa
Triper trap
Or noting
Iron man
Iraq พิิ dog
Is this flying guy
Israel
 
Answer Stats
Answer % Correct
China daddy
75%
Iraq พิิ dog
50%
Austraila trip
25%
Blue kakaka
25%
Graet burnel
25%
Is this flying guy
25%
Korea in the floor
25%
Russian cow
25%
sima byu
25%
Triper trap
25%
Hungry men
0%
Iron man
0%
ocean boy prank
0%
Mongolia Or noting
0%
No matching quizzes found
Score Distribution
Percent of People with Each Score
Percentile by Number Answered
Your Score History
You have not taken this quiz